Biblioteca y Centro de Documentación

Manual del empleado (1905) (Registro nro. 21244)

Detalles MARC
000 -CABECERA
Longitud fija campo de control 01833nam a2200409 c 4500
001 - NÚMERO DE CONTROL
Número de control 21244
003 - IDENTIFICADOR DE NÚMERO DE CONTROL
Identificador del número de control ES-MaCES
005 - FECHA Y HORA DE LA ÚLTIMA TRANSACCIÓN
Fecha y hora de la última transacción 20141221122720.0
008 - CAMPO FIJO DE DESCRIPCIÓN FIJA--INFORMACIÓN GENERAL
Códigos de información de longitud fija   080626s2007 sp db t o000 | spa d
017 ## - NÚMERO DE REGISTRO DE DERECHOS DE AUTOR Y DEPÓSITO LEGAL
Número de copyright o de depósito legal M 37476-2007
Agencia que asigna el número DL
020 ## - ISBN (INTERNATIONAL STANDARD BOOK NUMBER)
Número Internacional Normalizado para Libros (ISBN) 9788495912374
024 7# - OTROS IDENTIFICADORES
Número normalizado o código 326-07-020-7
Fuente del número o código nipo
035 ## - NÚMERO DE CONTROL DEL SISTEMA
Número de control del sistema CES20080006365m
040 ## - FUENTE DE CATALOGACIÓN
Centro catalogador de origen ES-MaCES
Lengua de catalogación spa
Centro transcriptor ES-MaCES
100 1# - ENCABEZAMIENTO PRINCIPAL--NOMBRE PERSONAL
Nombre de persona Mhartín y Guix, Enrique
9 (RLIN) 18543
245 10 - MENCIÓN DE TÍTULO
Título Manual del empleado (1905)
Mención de responsabilidad, etc. por Enrique Mhartín y Guix ; estudio preliminar, prólogo y notas, Manuel Martínez Bargueño
246 3# - FORMA VARIANTE DEL TÍTULO
Título propio ; Título en breve Manual del empleado, consultor de los funcionarios civiles del Estado, de la provincia y del municipio
250 ## - MENCIÓN DE EDICIÓN
Mención de edición 1ª ed
260 ## - PUBLICACIÓN, DISTRIBUCIÓN, ETC (PIE DE IMPRENTA)
Lugar de publicación, distribución, etc. Madrid
Nombre del editor, distribuidor, etc. Ministerio de Administraciones Públicas
Fecha de publicación, distribución, etc. 2007
300 ## - DESCRIPCIÓN FÍSICA
Extensión 76, 414, [2] p.
Dimensiones 23 cm
500 ## - NOTA GENERAL
Nota general Incluye un estudio preliminar sobre Enrique Mhartín y Guix, que contiene además su hoja de servicios administrativos y el catálogo general de sus obras publicadas
500 ## - NOTA GENERAL
Nota general Reprod. facsímil de la 9ª ed. reformada y ampl. de: Manual del Empleado : consultor de los funcionarios civiles del Estado, de la provincia y del municipio / escrita por Enrique Mhartín y Guix
500 ## - NOTA GENERAL
Nota general Madrid : Librería Editorial de Bailly-Bailliere é hijos, 1905
541 ## - NOTA DE LA FUENTE INMEDIANTE DE ADQUISICIÓN
Forma de adquisición Gratuito
600 14 - ASIENTO SECUNDARIO DE MATERIA--NOMBRE PERSONAL
Nombre de persona Mhartín y Guix, Enrique
9 (RLIN) 18543
650 #4 - ASIENTO SECUNDARIO DE MATERIA--TÉRMINO DE MATERIA
Término de materia o nombre geográfico como elemento inicial administración pública
9 (RLIN) 27214
650 #4 - ASIENTO SECUNDARIO DE MATERIA--TÉRMINO DE MATERIA
Término de materia o nombre geográfico como elemento inicial función pública
9 (RLIN) 27225
650 #4 - ASIENTO SECUNDARIO DE MATERIA--TÉRMINO DE MATERIA
Término de materia o nombre geográfico como elemento inicial funcionario
9 (RLIN) 27224
650 #4 - ASIENTO SECUNDARIO DE MATERIA--TÉRMINO DE MATERIA
Término de materia o nombre geográfico como elemento inicial España
9 (RLIN) 26964
650 #4 - ASIENTO SECUNDARIO DE MATERIA--TÉRMINO DE MATERIA
Término de materia o nombre geográfico como elemento inicial historia
9 (RLIN) 27251
653 10 - TÉRMINO DE INDEXACIÓN--NO CONTROLADO
Término no controlado Administración-Instituciones públicas
700 1# - ENCABEZAMIENTO SECUNDARIO--NOMBRE PERSONAL
Nombre de persona Martínez Bargueño, Manuel
Término indicativo de función ed. lit.
9 (RLIN) 17774
710 1# - ENCABEZAMIENTO SECUNDARIO--NOMBRE CORPORATIVO
Nombre de entidad o nombre de jurisdicción como elemento inicial España
Unidad subordinada Ministerio para las Administraciones Públicas
Término indicativo de función ed.
9 (RLIN) 3278
902 ## - CES. TIPO DE DOCUMENTO
Tipodoc (006$c Sirtex) LIB Libro
942 ## - ELEMENTOS KOHA
Fuente de clasificaión o esquema Clasificación propia del CES
Koha [por defecto] tipo de item Monografías
Parte de clasificación 6.3.
Existencias
Número de registro Signatura completa Tipo de item de Koha
071528 SG-6.3.-96 Monografías
© CES, Consejo Económico y Social de España 2021